|
|
|
|
| LEADER |
01607nam a22003612a 4500 |
| 001 |
000838229 |
| 003 |
CZ BrMZK |
| 005 |
20240213151856.0 |
| 007 |
ta |
| 008 |
070117s1986 xr er|||||1|||||cze d |
| 015 |
|
|
|a cnb000033507
|
| 020 |
|
|
|q (Brož.)
|
| 035 |
|
|
|a (OCoLC)39422511
|
| 040 |
|
|
|a ABA001
|b cze
|d ABA001
|d BOA001
|
| 041 |
1 |
|
|a cze
|a eng
|a rus
|
| 080 |
9 |
|
|a 65.012.4
|
| 080 |
9 |
|
|a 62.001.7
|
| 080 |
9 |
|
|a 001.89
|
| 111 |
2 |
|
|a Vedoucí pracovník a vědeckotechnický rozvoj v 90. letech (konference)
|d (1986 :
|c Karlovy Vary, Česko)
|7 mzk2009483098
|
| 245 |
1 |
0 |
|a Vedoucí pracovník a vědeckotechnický rozvoj v 90. letech =
|b Rukovoditel‘ i naučno-techničeskij progress v 90-yje gody = Innovations and Management in the 1990s : sborník referátů zahr. účastníků z konf. ČV komitétu pro věd. řízení ČSVTS, Karlovy Vary 21.-23. října 1986
|
| 246 |
3 |
1 |
|a Innovations and Management in the 1990s
|
| 246 |
3 |
1 |
|a Rukovoditel‘ i naučno-techničeskij progress v 90-yje gody
|
| 260 |
|
|
|a Praha :
|b Dům techniky ČSVTS,
|c 1986
|
| 300 |
|
|
|a 287 s. :
|b tb., grafy ;
|c 20 cm
|
| 500 |
|
|
|a 470 výt.
|
| 504 |
|
|
|a Obsahuje bibliografii a bibliografické odkazy
|
| 546 |
|
|
|a Část. anglický a ruský text
|
| 710 |
2 |
|
|a Československá vědeckotechnická společnost.
|b Komitét vědeckého řízení.
|b Český výbor
|7 kn20051222001
|
| 910 |
|
|
|a BOA001
|b 2-0919.951
|
| 964 |
|
|
|a Vedoucí pracovníci - vědeckotechnický rozvoj - sborníky
|
| 990 |
|
|
|a BK
|
| 991 |
|
|
|b 200701
|
| 996 |
6 |
|
|b 2619353392
|c 2-0919.951
|l MZK
|r Sklad / do 1 hodiny
|n 0
|w 000838229
|u 000010
|a 1
|e BOA001
|j MZK50
|s P
|